Piglets / (Record no. 274729)
[ view plain ]
| 000 -LEADER | |
|---|---|
| fixed length control field | 01263nam a2200409 a 4500 |
| 001 - CONTROL NUMBER | |
| control field | ocn661181660 |
| 003 - CONTROL NUMBER IDENTIFIER | |
| control field | OCoLC |
| 005 - DATE AND TIME OF LATEST TRANSACTION | |
| control field | 20200320184931.0 |
| 008 - FIXED-LENGTH DATA ELEMENTS--GENERAL INFORMATION | |
| fixed length control field | 100901s2011 nyua b 000 0 eng |
| 010 ## - LIBRARY OF CONGRESS CONTROL NUMBER | |
| LC control number | 2010035611 |
| 020 ## - INTERNATIONAL STANDARD BOOK NUMBER | |
| International Standard Book Number | 9781433945151 (library binding) |
| 020 ## - INTERNATIONAL STANDARD BOOK NUMBER | |
| International Standard Book Number | 1433945150 (library binding) |
| 020 ## - INTERNATIONAL STANDARD BOOK NUMBER | |
| International Standard Book Number | 9781433945168 (pbk.) |
| 020 ## - INTERNATIONAL STANDARD BOOK NUMBER | |
| International Standard Book Number | 1433945169 (pbk.) |
| 020 ## - INTERNATIONAL STANDARD BOOK NUMBER | |
| Terms of availability | 16.95 |
| 035 ## - SYSTEM CONTROL NUMBER | |
| System control number | (OCoLC)661181660 |
| 040 ## - CATALOGING SOURCE | |
| Original cataloging agency | DLC |
| Transcribing agency | DLC |
| Modifying agency | IG# |
| -- | WACOL |
| 049 ## - LOCAL HOLDINGS (OCLC) | |
| Holding library | WACL |
| 050 00 - LIBRARY OF CONGRESS CALL NUMBER | |
| Classification number | SF395.5 |
| Item number | .E46 2011 |
| 082 00 - DEWEY DECIMAL CLASSIFICATION NUMBER | |
| Classification number | 636.4/07 |
| Edition number | 22 |
| 092 ## - LOCALLY ASSIGNED DEWEY CALL NUMBER (OCLC) | |
| Classification number | E |
| Item number | Elo |
| 100 1# - MAIN ENTRY--PERSONAL NAME | |
| Personal name | Elora, Grace. |
| 9 (RLIN) | 5862988 |
| 245 10 - TITLE STATEMENT | |
| Title | Piglets / |
| Statement of responsibility, etc | by Grace Elora. |
| 250 ## - EDITION STATEMENT | |
| Edition statement | 1st ed. |
| 260 ## - PUBLICATION, DISTRIBUTION, ETC. (IMPRINT) | |
| Place of publication, distribution, etc | New York : |
| Name of publisher, distributor, etc | Gareth Stevens Pub., |
| Date of publication, distribution, etc | c2011. |
| 300 ## - PHYSICAL DESCRIPTION | |
| Extent | 24 p. : |
| Other physical details | col. ill. ; |
| Dimensions | 19 x 20 cm. |
| 490 0# - SERIES STATEMENT | |
| Series statement | Cute and cuddly: baby animals |
| 490 0# - SERIES STATEMENT | |
| Series statement | GS leveled readers |
| 650 #0 - SUBJECT ADDED ENTRY--TOPICAL TERM | |
| Topical term or geographic name as entry element | Piglets |
| Form subdivision | Juvenile literature. |
| 9 (RLIN) | 5862989 |
| 650 #0 - SUBJECT ADDED ENTRY--TOPICAL TERM | |
| Topical term or geographic name as entry element | Animals |
| General subdivision | Infancy |
| Form subdivision | Juvenile literature. |
| 9 (RLIN) | 5708086 |
| 650 #1 - SUBJECT ADDED ENTRY--TOPICAL TERM | |
| Topical term or geographic name as entry element | Pigs. |
| 9 (RLIN) | 5862990 |
| 938 ## - | |
| -- | Ingram |
| -- | INGR |
| -- | 9781433945151 |
| 942 ## - ADDED ENTRY ELEMENTS (KOHA) | |
| Koha item type | BOOK |
| 948 ## - LOCAL PROCESSING INFORMATION (OCLC); SERIES PART DESIGNATOR (RLIN) | |
| Series part designator, SPT (RLIN) | 03/16/2011 |
| z (OCLC) | Sirsi |
| 994 ## - | |
| -- | 02 |
| -- | WACOL |
| 996 ## - | |
| -- | 82927 |
| -- | 34301000983371 |
| -- | E |
| -- | bk |
| -- | wcl |
| -- | i |
| -- | 9 |
| -- | 16.95 |
| -- | Lib Choice |
| -- | Elo |
| -- | 03/23/2011 |
| -- | 01/16/2018 |
| -- | 01/09/2018 |
| Withdrawn status | Lost status | Source of classification or shelving scheme | Damaged status | Not for loan | Collection code | Home library | Current library | Shelving location | Date acquired | Cost, normal purchase price | Total Checkouts | Total Renewals | Full call number | Barcode | Date last seen | Date checked out | Cost, replacement price | Price effective from | Koha item type |
|---|---|---|---|---|---|---|---|---|---|---|---|---|---|---|---|---|---|---|---|
| Dewey Decimal Classification | Children NonFiction | Wasatch County Library | Wasatch County Library | Main Floor Childrens Area | 03/23/2011 | 16.95 | 15 | 3 | E Animals Farm Elora | 34301000983371 | 10/09/2025 | 09/02/2025 | 16.95 | 03/20/2020 | BOOK |
